000 00409nam a2200181Ia 4500
005 20250603145733.0
008 250603s9999 xx 000 0 und d
020 _a9781042346428
050 _aRA 777.6 .K37/
100 _aKaralay, Gangadhar
245 0 _aSociology of ageing
260 _a New York
260 _bRoutledge
260 _c2023
300 _a689 p
650 _a New York
942 _cBK
999 _c42707
_d42707